| 000 | 00327nam a2200133Ia 4500 | ||
|---|---|---|---|
| 005 | 20260328104311.0 | ||
| 008 | 260328s9999||||xx |||||||||||||| ||und|| | ||
| 100 | _aAckerman, Diane | ||
| 245 | 2 |
_aA Natural History of the senses / _cDiane Ackerman |
|
| 260 | _bVintage | ||
| 300 | _a331 p. | ||
| 650 | _aHISTORIA | ||
| 942 | _cBK | ||
| 999 |
_c10974 _d10974 |
||